Регионална библиотека "Любен Каравелов" - Русе

Мениджмънт предизвикателствата през ХХI век (Запис номер 31665)

MARC детайли
000 -Лидер
Контролно поле с фиксирана дължина 01930nam a2200361 c 4500
003 - Код на организацията, давaща контролен номер
Контролно поле BLK
005 - Дата и час на последна редакция
Контролно поле 20180422100029.0
008 - Елементи от данни с фиксирана дължина
fixed length control field 180407b bul|||||r ||||||| ||bul||
010 ## - Наследен системен номер
LC control number KNG00034323000
020 ## - Международен стандартен номер на книга ISBN
Международен стандартен номер на книга ISBN 954-9964-05-1
-- издат.: Класика и стил
040 ## - Източник на каталожния запис
Идентификатор на билиотеката - собственик на записа BLK
041 ## - Код за език
Код за езика на текст/звукозапис или на отделно заглавие Български
Код за езика КДБФ Български
080 ## - УДК
Текстов определител УДК Методи на управление. Мениджмънт. Анализи, планиране, ръководство, сътрудничество, контрол, коопериране и др.
УДК код - определител по УДК 005.5
УДК определител
УДК - код + определител 005.5
080 ## - УДК
Текстов определител УДК Международни икономически отношения. Външностопанска политика. Световно стопанство
УДК код - определител по УДК 339.9
УДК определител
УДК - код + определител 339.9
100 1# - Редна дума - Автор
Автор Дракър, Питър Фердинанд
Авторска отговорност първи автор
R(LIN) 65284
139 ## - Редно поле
Редна дума Дракър, Питър Фердинанд
Авторски знак Драи - Д 87
245 10 - Сведения за заглавието
Заглавие Мениджмънт предизвикателствата през ХХI век
Редно поле (дума) Питър Фердинанд Дракър; прев. Кремена Димитрова.
260 ## - Област на издателските данни
-- София
Име на издателя, разпространителя и проч. Класика и стил
Година на издаване 2000
Печатница (В. Търново : Абагар ООД)
300 ## - Физическа характеристика
Страници 199 с.
Размери/Мащаб 23 см
380 ## - Жанр
Жанр Техника
500 ## - Общи забележки
Забележка Ориг. загл. Management chellenges for the 21st century / Peter F. Drucker. - Офс. изд. - 2 000 тир. - Азб. показалец, показалец на компаниите и търг. марки.
650 #4 - Допълнително описание по предмет – тема
Основно описание – тема или топоним Управление и организация - теория
9 (RLIN) 269078
650 #4 - Допълнително описание по предмет – тема
Основно описание – тема или топоним Световно стопанство
9 (RLIN) 251664
653 ## - Ключова дума – ненормативна
Ключова дума мениджмънт
653 ## - Ключова дума – ненормативна
Ключова дума управление
653 ## - Ключова дума – ненормативна
Ключова дума световно стопанство
700 1# - Други автори (авторска отговорност)
Лично име Димитрова, Кремена
Автороска отговорност (Описва отношението между автора и произведението) прев.
9 (RLIN) 366440
852 ## - Местоположение
Форматна сигнатура Цб 206689
856 4# - Електронен адрес и достъп
Електронен формат pdf - файл
Път до файла /url/
856 4# - Електронен адрес и достъп
Електронен формат pdf - файл
Път до файла /url/
942 ## - АРТИКУЛИ
Вид на библиотечния материал Книги
Скрит в OPAC Не
944 ## - СЪЗДАВАНЕ И РЕДАКЦИЯ на ЗАПИСА
Създаване/Редакция Създаване
Дата на регистрацията/редакция 15.01.2003
Служител, извършил регистрацията/редакцията Кети_Илиева
944 ## - СЪЗДАВАНЕ И РЕДАКЦИЯ на ЗАПИСА
Създаване/Редакция Редакция
Дата на регистрацията/редакция 27.11.2012
Служител, извършил регистрацията/редакцията
999 ## - СИСТЕМНИ КОНТРОЛНИ НОМЕРА
Koha biblionumber 31665
Koha biblioitemnumber 31665
Наличности
Код за отписване Код за изгубен артикул Източник на класификационната схема Код за повреда Коз за рестрикции Код за отдаване Артикулен № Име на библиотеката - собственик Име на библиотеката, в която се намира в момента Статус (Текущо местоположение) Дата на вписване в системата Местоположение - отдел Цена в лева Инвентарен номер Систематично азбучна сигнатура Баркод Номер на екземпляра Цена в евро Служебна бележка Служебен тип на артикула
  Не е изгубен Universal Decimal Classification Не е повреден без рестрикции ползва се в читалня 50426 Регионална библиотека "Любен Каравелов" Русе Регионална библиотека "Любен Каравелов" Русе Читалня 2001-01-01 Читалня 12.00 660313 Ч 005/Д 87 120000660313 1 6.14 Дата инв: 23.03.2017 Бележки инв: Ч2017 Книги
  Не е изгубен Universal Decimal Classification Не е повреден без рестрикции ползва се в читалня 50427 Регионална библиотека "Любен Каравелов" Русе Регионална библиотека "Любен Каравелов" Русе Хранилище 2001-01-01 Хранилище 12.00 661131 Цб 206689 120000661131 2 6.14   Книги
Vip Innovations Ltd, Rousse, Bulgaria 2025